000 00843nam a2200205 a 4500
003 0
005 20250206150118.0
008 130725s19uu xx 00 eng d
050 _aPHS DT 1974
_b.B875 2013
100 _aBroughton, Kelvin John.
245 _aAn insight on Nelson Mandela's life and revolt agaisnt South-African apartheid :
_bfrom 1918 to 1999 /
_cKelvin John Broughton.
260 _aLas PiƱas City, Philippines :
_bSouthville International School and Colleges,
_c2013.
300 _a53 pages :
_billustrations ;
_c28 cm.
504 _aIncludes bibliographical references.
600 _aMandela, Nelson,
_d1918-2013.
650 _aAnti-apartheid movements
_zSouth Africa
_vHistory.
650 _aApartheid
_zSouth Africa
_vHistory
_x20th century.
650 _aCivil rights movements
_zSouth Africa
_vHistory.
942 _2lcc
_cPASS
999 _c98907
_d98907